000 00700cam a22002411 4500
999 _c6572
_d6572
001 6572
003 BD-JhCC
005 20180125175139.0
008 770815s1963 xx 000 0 eng
035 _a(BD-JhCC)6572
035 _a(OCoLC)3190277
040 _aDLC
_cOC
_dUk
_dDLC
_dBD-JhCC
041 _aeng
050 0 0 _aTL15
_b.D3
082 _a629.209
_bDAV 1963
100 1 _aDavis, Anthony.
245 1 0 _aFamous veteran cars of the world. /
_cIllustrated by Donald Barnes.
260 _aLondon :
_bF. Muller,
_c1963.
300 _a140 p.
_billus., map.
_c19 cm.
500 _aStamped on t.p.: Distributed by Sportshelf, New Rochelle, N.Y.
650 0 _aAutomobiles
_xHistory.
942 _2ddc
_cBK